00370nam a22001457a 4500003000400000005001700004008004100021020001800062040001100080100002000091245004700111250001100158260004400169300001100213OSt20251119181112.0251119b |||||||| |||| 00| 0 eng d c9788184954777 cSVYASA aJames Jensen C aBeyond the Power of your subconscious Mind a1st ed aBangalurubJaico Publishing Housec2013 a194 p.